000
00504nam a2200181Ia 4500
008
090123s9999 xx 000 0 und d
082
_b
13421
100
_a
खांडेकर दिवाकर
245
_a
दरवळ
250
_a
1
260
_b
मुक्ता प्रकाशन
300
_a
216
600
_a
खांडेकर दिवाकर
630
_a
दरवळ
700
_a
खांडेकर दिवाकर
730
_a
दरवळ
942
_c
BOOK
999
_c
51484
_d
51484